000
00268nam a22001217a 4500
082
_a
543 TEC'G
100
_a
GRIFFIN, R.C
_9
56969
245
_a
TECHNICAL METHODS OF ANALYSIS
250
_a
2ND
260
_a
NEWYORK
_b
MCGRAW HILL
_c
1927
300
_a
936P
942
_c
BK
999
_c
567293
_d
567293